| 000 | 00485nam a2200181 a 4500 | ||
|---|---|---|---|
| 005 | 20140310183513.0 | ||
| 008 | 101014s19uu xx 00 eng d | ||
| 020 | _a9780443101762 | ||
| 050 |
_aRT 21 _b.C563 2006 |
||
| 100 | _aBrooker, Chris edited by | ||
| 245 | _aChurchill Livingstone's dictionary of nursing / | ||
| 250 | _a19th ed. | ||
| 260 |
_aEdinburgh : _bElsevier, _c2006. |
||
| 300 |
_a293 p. : _c22 cm. |
||
| 650 | _aDictionary. | ||
| 942 |
_cBK _2lcc |
||
| 999 |
_c24219 _d24219 |
||